01278nab a22002057a 4500003000400000005001700004008004100021040000700062100002600069245013400095260007200229300001300301500003900314505039400353505008900747650002000836650003600856650004300892773013700935OSt20260110015839.0190605e xxu||||| |||| 00| 0 spa d cPJ aLezcano, Juan Manuel 10aMultinacionalidad, multiculturalimo y zonas de frontera. Desafíos del derecho internacional del trabajo /cJuan Manuel Lezcano. aCiudad Autónoma de Buenos Aires :bThomson Reuters La Ley,c2023. ap. 51-56 aCita: TR LALEY AR/DOC/2535/2023.  aSumario: I. Introducción.— II. El derecho laboral internacional.— III. Caso de multinacionalidad: "Espinosa, Gustavo Carlos c/ Marítima Maruba SA (antes Maruba SCA) y otros s/ despido" (segunda instancia).— IV. Migración, multiculturalimos y zona de frontera.— V. Análisis normativo.— VI. Análisis del art. 3° de la LCT.— VII. Conclusiones.— VIII. Bibliografía.  t¿Te interesa el texto completo? Solicitalo al correo: koha@justierradelfuego.gov.ar 0aDERECHO LABORAL 0aCONVENIOS COLECTIVOS DE TRABAJO 0aORGANIZACION INTERNACIONAL DEL TRABAJO0 02711dCiudad Autónoma de Buenos Aires : Thomson Reuters La Ley, 1999-2002.tRevista de derecho del trabajo. Nº 6 - Noviembre 2023